Doble Escribir Rápido - A-Z - Estadísticas

Estadísticas generales
  • Esta prueba ha sido intentada 7.019 veces
  • La puntuación promedio es 29 de 52
Estadísticas de respuestas
letra % Correcto
a
100%
b
94%
c
92%
d
90%
e
89%
f
88%
g
88%
h
87%
i
86%
j
86%
k
85%
l
84%
m
83%
n
83%
o
80%
p
79%
q
76%
r
75%
s
74%
t
73%
u
72%
v
70%
w
67%
x
63%
y
61%
z
60%
A
55%
B
53%
C
51%
D
49%
E
48%
F
46%
G
44%
H
43%
I
41%
J
39%
K
37%
L
35%
M
34%
N
32%
O
30%
P
28%
Q
26%
R
24%
S
22%
T
20%
U
18%
V
17%
W
14%
X
12%
Y
10%
Z
10%
No se encontraron pruebas coincidentes
Distribución de puntuación
Porcentaje de gente con cada puntuación
Porcentaje por número respondido
Historial de tus puntuaciones
No has intentado esta prueba.